Hermanos monigotes (Registro nro. 58842)

Detalles MARC
000 -CABECERA
Longitud fija campo de control 01043nam a22003251i 4500
003 - • IDENTIFICADOR DELl NÚMERO DE CONTROL
Identificador del número de control CO-BoRNBP
005 - • FECHA Y HORA DE LA ÚLTIMA TRANSACCIÓN
Fecha y hora de la última transacción 20250828163948.0
007 - • CAMPO FIJO DE DESCRIPCIÓN FÍSICA
Campo fijo de descripción física ta
008 - • CÓDIGOS DE INFORMACIÓN DE LONGITUD FIJA
Códigos de información de longitud fija 900725s1981 sp spa
017 ## - NÚMERO DE COPYRIGHT O DE DEPÓSITO LEGAL
Número de copyright o de depósito legal B 42326-1981
Agencia que asigna el número Oficina Depósito Legal Barcelona
020 ## - • NÚMERO INTERNACIONAL NORMALIZADO PARA LIBROS
Número Internacional Normalizado para Libros (ISBN) 8470805916
040 ## - FUENTE DE LA CATALOGACIÓN
Centro catalogador de origen SpMaBN
Lengua de catalogación spa
Centro transcriptor A2
080 ## - NÚMERO DE LA CLASIFICACIÓN DECIMAL UNIVERSAL
Número de la Clasificación Decimal Universal 087.5:860-34"19"
084 ## - • Clasificación Local Alfanúmerica PNLB
Número de clasificación C ROB
100 0# - • PUNTO DE ACCESO PRINCIPAL-NOMBRE DE PERSONA
Nombre de persona Antoniorrobles
Fechas asociadas al nombre 1897-1983
240 10 - • TÍTULO UNIFORME
Título uniforme <a href="Hermanos monigotes">Hermanos monigotes</a>
245 10 - • TITULO PROPIAMENTE DICHO
Título Hermanos monigotes
Medio [Texto impreso]
Mención de responsabilidad, etc. Antonio Robles ; [ilustraciones Pilarín Bayés]
250 ## - • MENCI&Oacute;N DE EDICI&Oacute;N
Mención de edición 2ª ed.
300 ## - • DESCRIPCI&Oacute;N F&Iacute;SICA
Extensión 2 v.
Otras características físicas il.
Dimensiones 18 cm
336 ## - TIPO DE CONTENIDO
Fuente rdacontent
Término de tipo de contenido texto
Código de tipo de contenido txt
337 ## - TIPO DE MEDIO
Fuente rdamedia
Nombre del tipo de medio sin mediación
Código del tipo de medio n
338 ## - TIPO DE SOPORTE
Fuente rdacarrier
Nombre del tipo de soporte volumen
Código del tipo de soporte nc
490 0# - • MENCI&Oacute;N DE SERIE
Mención de serie Moby Dick
Designación de volumen o secuencia 6/9: Biblioteca de bolsillo junior ; 91-92
650 ## - • PUNTO DE ACCESO ADICIONAL DE MATERIA - T&Eacute;RMINO DE MATERIA
Fuente del encabezamiento o término LEMB
700 1# - • PUNTO DE ACCESO ADICIONAL - NOMBRE DE PERSONA
Nombre de persona Bayés, Pilarín
Fechas asociadas al nombre 1941-
942 ## - ENTRADA DE ELEMENTOS AGREGADOS (KOHA)
Fuente de clasificaión o esquema Dewey Decimal Classification
Koha [por defecto] tipo de item LIbro
956 ## - LOCALIZACI&Oacute;N Y ACCESO ELECTR&Oacute;NICO LOCAL (OCLC)
Nombre de la fuente 2
980 ## - EQUIVALENCIA O SECCI&Oacute;N-REFERENCIA-INFORME SERIES--NOMBRE &#47; T&Iacute;TULO DE PERSONA [LOCAL, CANADA]
Nombre personal B 42326-1981
-- 84-7080-591-6
-- SpMaBN
Numeración BNALCALA
Atributo cualificador DL/176152-DL/176153
T&íacute;tulos u otras palabras asociadas a nombre CONSERVACI
Campo enlazado y número de secuencia 1
Nombre personal v.
Campo enlazado y número de secuencia 1.1
Nombre personal 1
Campo enlazado y número de secuencia 1.2
Nombre personal 2
Campo enlazado y número de secuencia 0
Nombre personal 2 v.
Existencias
Perdido Fuente de clasificaci&oacute;n o esquema Estado Físico No para pr&eacute;stamo Forma de adquisición Localizaci&oacute;n permanente Localizaci&oacute;n actual Localización en estanterías Fecha adquisici&oacute;n Pr&eacute;stamos totales Signatura completa C&oacute;digo de barras Fecha &uacute;ltima consulta N&uacute;mero de copia Fecha del precio de reemplazo Tipo de item de Koha
  Clasificación Local Facetada     Colección General Biblioteca Pública San Juanito - Ernesto Maria Peña Romero Biblioteca Pública San Juanito - Ernesto Maria Peña Romero Literatura 08/28/2025   C ROB SJU02027 08/28/2025 Ej.1 08/28/2025 Libro Literatura









Instituto Departamental de Cultura del Meta - Red Departamental de Bibliotecas Públicas del Meta.